Zambia (Record no. 125955)
[ view plain ]
| 000 -LEADER | |
|---|---|
| fixed length control field | 00512nam a22001577a 4500 |
| 005 - DATE AND TIME OF LATEST TRANSACTION | |
| control field | 20170111154834.0 |
| 008 - FIXED-LENGTH DATA ELEMENTS--GENERAL INFORMATION | |
| fixed length control field | 170111b xxu||||| |||| 00| 0 eng d |
| 050 ## - LIBRARY OF CONGRESS CALL NUMBER | |
| Classification number | DT3108.C542 2016 |
| 100 ## - MAIN ENTRY--PERSONAL NAME | |
| Personal name | Chisembele, Sophena |
| 9 (RLIN) | 28269 |
| 245 ## - TITLE STATEMENT | |
| Title | Zambia |
| Remainder of title | the freedom struggle and the aftermath |
| Statement of responsibility, etc | by Chisembele, Sophena |
| 260 ## - PUBLICATION, DISTRIBUTION, ETC. (IMPRINT) | |
| Place of publication, distribution, etc | Devon |
| Name of publisher, distributor, etc | Axminster |
| Date of publication, distribution, etc | 2016 |
| 300 ## - PHYSICAL DESCRIPTION | |
| Extent | xvi, 337p.; |
| Dimensions | 23cm. |
| 650 ## - SUBJECT ADDED ENTRY--TOPICAL TERM | |
| Topical term or geographic name as entry element | Zambia |
| General subdivision | Politics |
| Chronological subdivision | 1964 |
| 9 (RLIN) | 24549 |
| 650 ## - SUBJECT ADDED ENTRY--TOPICAL TERM | |
| Topical term or geographic name as entry element | Zambia |
| General subdivision | History |
| Chronological subdivision | 1953- . |
| 9 (RLIN) | 28270 |
| 942 ## - ADDED ENTRY ELEMENTS (KOHA) | |
| Source of classification or shelving scheme | Library of Congress Classification |
| Item type | Monograph ( Printed materials) |
| Withdrawn status | Lost status | Source of classification or shelving scheme | Damaged status | Not for loan | Home library | Current library | Date acquired | Total Checkouts | Full call number | Barcode | Date last seen | Price effective from | Koha item type |
|---|---|---|---|---|---|---|---|---|---|---|---|---|---|
| Library of Congress Classification | ARRUPE LIBRARY | ARRUPE LIBRARY | 19/01/2017 | DT3108.C542 2016 | 46500022277 | 07/12/2017 | 19/01/2017 | Monograph ( Printed materials) |